000 00979nam a2200229 a 4500
001 000097349
003 AM-YeHGA
005 20250617162326.0
008 030329s1930 ||||| |||||||||||||rus|d
040 _aAM-YeHGA
041 1 _arus
_hger
100 1 _aКелер, Вольфганг
245 1 0 _aИсследование интелекта человекоподобных обезьян :
_bПер. с нем. /
_cВольфганг Келер ; Пер. Л.В. Занкова и И.М. Соловьева ; Под ред. и с вступ. статьей Л.С. Выготского.
246 1 5 _aIntelligenzprufungen an Menshenaffen
260 _aМосква :
_bИзд-во Коммунистической Академии,
_c1930.
300 _a206 с.
650 1 4 _aЗоология
700 1 _aЗанков, Л.В.
_eпер.
_4trl
700 1 _aСоловьев, И.М
_eпер.
_4trl
700 1 _aВыготский, Л.С.
_eред.
_4edt
090 _c490823
999 _c487454
_d487454